Monografía de lenga: Nothofagus pumilio

Saved in:
Bibliographic Details
Corporate Authors: INFOR (Author), CONAF (Author)
Format: Book
Language:Spanish
Published: Santiago Infor-Conaf 1998
Series:Potencialidad de Especies y Sitios para una Diversificación Silvícola Nacional
Subjects:
Tags: Add Tag
No Tags, Be the first to tag this record!

MARC

LEADER 00000nam a2200000 a 4500
001 UCH9691
003 CL-VaPUC
008 100121e19980000CL |||||||||||||||||spa|d
082 0 4 |a 634.9725  |b INF  |2 21 
110 2 |a INFOR  |e author  |9 546943 
710 2 |a CONAF  |e author  |9 546944 
245 1 0 |a Monografía de lenga: Nothofagus pumilio 
300 |a 103 p 
942 |c BK 
945 |d 20100121 00:00:00  |a rbrito 
260 |a Santiago  |b Infor-Conaf  |c 1998 
650 7 |a LENGA  |2 CL-VaPUC  |9 546945 
650 0 |a Cultivo  |9 264268 
650 7 |a SILVICULTURA  |2 CL-VaPUC  |9 264178 
650 0 |a Clima  |9 265281 
650 7 |a SUELO  |2 CL-VaPUC  |9 348469 
650 0 |a Bosques  |9 269804 
650 0 |a Propagación de plantas  |9 339631 
583 |a last modification  |c 20100121 00:00:00  |k Rodrigo Vera 
490 0 |a Potencialidad de Especies y Sitios para una Diversificación Silvícola Nacional 
999 |c 339607  |d 339605 
952 |0 0  |1 0  |4 0  |6 634_972500000000000_INF_1998  |7 0  |8 A  |9 433331  |a BIBAGR  |b BIBAGR  |d 2019-11-22  |i 4636236  |o 634.9725 INF 1998  |p 4636236  |r 2025-01-20  |w 2019-11-22  |y BK  |k AGR